000
00313nam a2200133Ia 4500
008
191201s2004 xx 000 0 und d
082
_a
621.382
_b
NIB
100
_a
NIIT
245
0
_a
Basic of Electronic Communication
260
_a
N.Delhi
_b
PHI
_c
2004
300
_a
377
650
_a
B.Tech(ECE)
942
_2
ddc
_c
BK
999
_c
1000
_d
1000